Countries with Territory in the Arabian Peninsula - Statistics

General Stats
  • This quiz has been taken 434 times
    138 since last reset
  • The average score is 8 of 8
Answer Stats
Country % Correct
Saudi Arabia
99%
Yemen
98%
Oman
97%
Qatar
95%
United Arab Emirates
95%
Iraq
93%
Kuwait
92%
Jordan
87%
No matching quizzes found
Score Distribution
Percent of People with Each Score
Percentile by Number Answered
Your Score History
You have not taken this quiz since the last reset